|
|
|
|
| LEADER |
00856nam a2200217 a 4500 |
| 001 |
3350909 |
| 008 |
090825s1986 si b 001 0 eng d |
| 010 |
|
|
|a \\\86011016
|
| 020 |
|
|
|a 9971501082
|
| 040 |
|
|
|a DLC
|c DLC
|d DLC
|
| 082 |
0 |
0 |
|a 515.3/5
|2 19
|
| 100 |
1 |
|
|a Agarwal, Ravi P.
|
| 245 |
1 |
0 |
|a Boundary value problems for higher order differential equations /
|c Ravi P. Agarwal.
|
| 260 |
|
|
|a Singapore ;
|a Philadelphia, Pa. :
|b World Scientific,
|c c1986.
|
| 300 |
|
|
|a x, 307 p. ;
|c 23 cm.
|
| 504 |
|
|
|a Includes bibliographies and index.
|
| 541 |
1 |
|
|e 00014656
|
| 650 |
|
0 |
|a Boundary value problems.
|
| 852 |
4 |
|
|a Ayesha Abed Library
|j General shelf
|
| 999 |
|
|
|c 3570
|d 3570
|
| 952 |
|
|
|0 0
|1 0
|2 ddc
|4 0
|6 515_350000000000000_AGA
|7 0
|9 3242
|a BRACUL
|b BRACUL
|c GEN
|d 2009-09-02
|g 0.00
|l 0
|o 515.35 AGA
|p 3010014656
|r 2009-09-02
|t 1
|w 2009-09-02
|y BK
|x No price found in the accession register.
|